000 00718nam a2200253Ia 4500
003 OSt
005 20220926012104.0
006 a|||||r|||| 00| 0
007 ta
008 220923b |||||||| |||| 00| 0 eng d
020 _a345234235195
037 _cGeneral Book
040 _aRTL
_cRTL
_beng
041 _2eng
_aeng
082 _aY:3(S:44), L2/TD
100 _aBateson Gregory
_912814
245 0 _aSteps to an ecology of mind
260 _aNew York
_bBallantine Books
_c1972
300 _axvii,517p
_ccm.
500 _aBibliography: p 506-17
650 _aSociology IRT Conition
_9248226
942 _hY:3(S:44), L2/TD
_cGB
_2CC
999 _c621655
_d621655